Responses for show #8208 - Wednesday, April 22, 2020

Contestants

[<< previous game]

Sharon Lawson, an administrative assistant from Lethbridge, Alberta, Canada

Michael Torman, a funeral director from Paw Paw, Illinois

Gary Patent, a screenwriter and actor from Los Angeles, California (whose 1-day cash winnings total $22,801)

[next game >>]

Jeopardy! Round responses

A MARRIAGE MADE IN LITERATURE
ADJECTIVES
EARTH DAY AT 50
EPISODES OF THE SITCOM
(Alex: We'll give you the episodes; you identify the sitcom.)
THE CRIME OF THE DECADE
(Alex: Give me the decade.)
WHAT SORT OF ESTABLISHMENT IS THIS?
    $200 15
Anna Karenina

Gary
    $200 28
Jane Goodall

Gary
    $200 9
Family Guy

Michael
    $200 5
the 1970s

Sharon
    $200 24
a juke joint

Sharon
    $400 25
the Montagues and the Capulets

Gary
    $400 29
[The end-of-round signal sounds.]

unique

Michael
    $400 27
a straw

Michael
    $400 10
(Michael: What is How I Met Your Mother?)

Frasier

GaryMichael
    $400 4
(Sharon: What are the 1990s?)

the 1980s

GarySharon
    $400 6
a cantina

Gary
    $600 18
Humbert Humbert

Sharon
    $600 21
wry

Gary
    $600 26
(Alex: Less than a minute now.)

Paris

Michael
    $600 13
(Michael: What is Quantum Leap?)
(Sharon: What is Curb Your Enthusiasm?)

The Good Place

MichaelSharon
Triple Stumper
    $600 3
the 1990s

Michael
    $600 7
the side dishes

Triple Stumper
    $800 16
Rebecca

Gary
    $800 20
(Sharon: What is "The [*] Crowd"?)

madding

Sharon
    $800 22
the Clean Air Act

Gary
    $800 11
Superstore

Triple Stumper
    $1,000 1
(Gary: What are the 1920s?)

the 1930s

Gary
    $800 8
oysters (shellfish, clams)

Michael
    $1000 17
Wide Sargasso Sea

Triple Stumper
    $1000 19
tailors

Triple Stumper
    $1000 23
the canopy

Sharon
    $1000 12
The Mary Tyler Moore Show

Triple Stumper
    $1000 2
(Alex: Now's the time for that decade, yes.)
[Gary laughs]

the 1920s

Gary
    $1000 14
a brasserie

Michael

Scores at the first commercial break (after clue 15):

Gary Michael Sharon
$1,400 $1,600 -$800

Scores at the end of the Jeopardy! Round:

Gary Michael Sharon
$4,200 $3,000 $1,800

Double Jeopardy! Round responses

OTHER BRITISH ISLES
YOU KNOW THE DRILL
MUSICIANS' NICKNAMES
AT REST IN WASHINGTON, D.C.
PHENOMENA
"DEE" DEE, DEE-DEE-DEE
    $400 18
the Hebrides

Sharon
    $400 19
bits

Gary
    $400 1
Springsteen

Gary
    $400 30
Wilson

Gary
    $400 10
a supernova

Gary
    $400 28
reindeer

Gary
    $800 14
the North Sea

Michael
    $2,200 17
teeth

Sharon
    $800 3
Kanye West

Sharon
    $800 29
(Alex: Very popular guy, [*].)

Tim Russert

Triple Stumper
    $800 9
superconductivity

Sharon
    $800 27
redeem

Sharon
    $1200 13
Wales

Sharon
    $1200 16
a press

Sharon
    $1200 4
Eric Clapton

Sharon
    $3,000 22
crossing the Delaware

Gary
    $1200 7
a volcanic eruption

Michael
    $1200 26
chickadee

Michael
    $1600 2
the Firth

Sharon
    $1600 15
masonry

Sharon
    $1600 5
Ozzy Osbourne

Michael
    $1600 20
(Katharine) Graham

Gary
    $1600 8
australis

Sharon
    $1600 23
balladeer

Triple Stumper
    $2000 12
Gospels

Sharon
    $2000 25
(Alex: Less than a minute to go now, Gary.)

auger

Triple Stumper
    $2000 6
George Clinton

Michael
    $2000 21
Petersen

Triple Stumper
    $2000 11
(Gary: What are bats?)
...
(Alex: Where did they come from?)

frogs

Gary
Triple Stumper
    $2000 24
(Sharon: What is the deepest part?)
(Alex: Nope. [Alex & audience laugh] Interesting, though.)
...
(Alex: It's the deepest part.)
(Sharon: I'm sorta right.)
(Alex: Sorta don't count.)
[Laughter]

the Challenger Deep

Sharon
Triple Stumper

Scores at the end of the Double Jeopardy! Round:

Gary Michael Sharon
$8,800 $9,800 $15,200

[wagering suggestions for these scores]

Final Jeopardy! Round responses

WORLD ELECTIONS
GaryWhat is Russia?
$8,599
MichaelWhat is India?
$7,801
SharonWhat is India? :)
$4,401
India

Final scores:

Gary Michael Sharon
$201 $17,601 $19,601
3rd place: $1,000 2nd place: $2,000 New champion: $19,601

Game dynamics:

Coryat scores:

Gary Michael Sharon
$8,000 $9,800 $13,800
17 R
(including 1 DD),
2 W
(including 1 DD)
12 R,
2 W
17 R
(including 1 DD),
3 W

Combined Coryat: $31,600

The J! Archive is created by fans, for fans. The Jeopardy! game show and all elements thereof, including but not limited to copyright and trademark thereto, are the property of Jeopardy Productions, Inc. and are protected under law. This website is not affiliated with, sponsored by, or operated by Jeopardy Productions, Inc. Join the discussion at JBoard.tv.